01182nam a2200301Ia 4500001001200000003000800012006001900020007001500039008004100054010001700095020001500112020002800127040002100155035002100176050002800197082001800225100002600243245010600269260004300375300001700418504005100435533015200486650003900638650003100677655002900708710001700737856012600754ebr10150395CaPaEBRm u cr cn|||||||||050809s2006 nyu sbi 001 0 eng d z 2005053900 z1403982988 z1403971293 (alk. paper) aCaPaEBRcCaPaEBR a(OCoLC)56796500914aDS721b.C4754615 2006eb04a305.895/12221 aChen, Lingchei Letty.10aWriting Chineseh[electronic resource] :breshaping Chinese cultural identity /cLingchei Letty Chen. aNew York :bPalgrave Macmillan,c2006. aviii, 222 p. aIncludes bibliographical references and index. aElectronic reproduction.bPalo Alto, Calif. :cebrary,d2009.nAvailable via World Wide Web.nAccess may be limited to ebrary affiliated libraries. 0aNational characteristics, Chinese. 0aCultural awarenesszChina. 7aElectronic books.2local2 aebrary, Inc.40uhttp://site.ebrary.com/lib/rucke/Doc?id=10150395zAn electronic book accessible through the World Wide Web; click to view